| 000 | 00682cam a2200217 a 4500 | ||
|---|---|---|---|
| 001 | 17410279 | ||
| 005 | 20130207120605.0 | ||
| 008 | 120731s2013 maua b 001 0 eng | ||
| 020 | _a0132343991 (pbk.) | ||
| 020 | _a9780132343992 (pbk.) | ||
| 082 | 0 | 0 |
_a610.73072 _223 _bLAN |
| 100 | 1 |
_aLangford, Rae. _932511 |
|
| 245 | 1 | 0 |
_aMaking a Difference with Nursing Research / _cRae Langford, Anne Young. |
| 260 |
_aBoston : _bPearson, _cc2013. |
||
| 300 |
_axv, 248 p. : _bcol. ill. ; _c23 cm. |
||
| 504 | _aIncludes bibliographical references and index. | ||
| 650 | 0 |
_aNursing _xResearch. _928914 |
|
| 653 |
_bNUR _cFebruary2013 |
||
| 700 | 1 |
_aYoung, Anne. _932512 |
|
| 942 |
_2ddc _cNRB |
||
| 999 |
_c17265 _d17237 |
||